000 00374nam a2200169Ia 4500
003 0STCL
008 150530s9999 xx 000 0 und d
040 _aSTCL
_cSTCL
100 _aHolmyard, E.J.
245 _aPhysics for beginners
250 _aFirst
260 _bJ.M.Dent
_c1944
546 _aEnglish
942 _2ddc
_cBK
999 _c26974
_d26974
005 20220125170101.0